[Event "HUN-chT2 Szechenyi 0304"]
[Site "Hungary"]
[Date "2004.04.04"]
[Round "10"]
[White "Buti, Endre"]
[Black "Mihalyfi, Gabor"]
[Result "0-1"]
[WhiteElo "2082"]
[BlackElo "2143"]
[PlyCount "80"]
[EventDate "2003.09.28"]
[EventType "team"]
[EventRounds "11"]
[EventCountry "HUN"]
[SourceTitle "EXT 2009"]
[Source "ChessBase"]
[SourceDate "2008.11.26"]
[SourceVersion "1"]
[SourceVersionDate "2008.11.26"]
[SourceQuality "1"]
[WhiteTeam "Flesch"]
[BlackTeam "Ajka Banyasz"]
[WhiteTeamCountry "HUN"]
[BlackTeamCountry "HUN"]

1. Nf3 d5 2. b3 Bf5 3. Bb2 Nf6 4. e3 e6 5. Be2 h6 6. 0-0 Bd6 7. d3 0-0 8. Nbd2 Nbd7 9. d4 Ne4 10. c4 c6 11. Ne5 Nxe5 12. dxe5 Bc5 13. Nxe4 Bxe4 14. Bd4 Qe7 15. f3 Bg6 16. Bxc5 Qxc5 17. Qd4 Qa5 18. c5 Qc7 19. f4 Qe7 20. Rac1 Be4 21. Bd3 Bxd3 22. Qxd3 f6 23. exf6 Rxf6 24. Qd4 Raf8 25. b4 Rf5 26. a4 e5 27. fxe5 Rxe5 28. Rxf8+ Kxf8 29. Rf1+ Kg8 30. Rf3 Re4 31. Qd2 Qe5 32. g3 Rc4 33. Rf1 Rc3 34. Rf3 Rb3 35. a5 Qe4 36. Qf2 Rb1+ 37. Kg2 Rxb4 38. Kh3 Rc4 39. Rf8+ Kh7 40. Qf7 Qg4+ 0-1

[Event "HUN-chT2 Szechenyi 0304"]
[Site "Hungary"]
[Date "2004.02.22"]
[Round "8"]
[White "Barson, Laszlo"]
[Black "Buti, Endre"]
[Result "1-0"]
[WhiteElo "2059"]
[BlackElo "2082"]
[PlyCount "103"]
[EventDate "2003.09.28"]
[EventType "team"]
[EventRounds "11"]
[EventCountry "HUN"]
[SourceTitle "EXT 2009"]
[Source "ChessBase"]
[SourceDate "2008.11.26"]
[SourceVersion "1"]
[SourceVersionDate "2008.11.26"]
[SourceQuality "1"]
[WhiteTeam "Lovo"]
[BlackTeam "Flesch"]
[WhiteTeamCountry "HUN"]
[BlackTeamCountry "HUN"]

1. e4 e5 2. f4 Bc5 3. Nf3 d6 4. c3 exf4 5. d4 Bb6 6. Bxf4 Bg4 7. Nbd2 Nf6 8. Bd3 Nbd7 9. h3 Bxf3 10. Qxf3 Qe7 11. 0-0-0 0-0-0 12. Rhe1 Kb8 13. g4 h6 14. Nc4 Nh7 15. e5 dxe5 16. Bxh7 Rxh7 17. Bxe5 Nxe5 18. Rxe5 Qd7 19. Rde1 Rhh8 20. Re7 Qa4 21. Qxf7 Rhf8 22. Nxb6 axb6 23. Qe6 Rf2 24. Qb3 Qc6 25. R7e2 Rxe2 26. Rxe2 Rxd4 27. Re8+ Qxe8 28. cxd4 Qe1+ 29. Kc2 Qe2+ 30. Kc3 Qe3+ 31. Kc4 Qxb3+ 32. Kxb3 Kc8 33. Kc4 Kd7 34. Kd5 Ke7 35. Ke5 Kf7 36. b4 Ke7 37. h4 Kf7 38. b5 Ke7 39. Kd5 Kf6 40. Ke4 Ke7 41. d5 Kd6 42. Kd4 Kd7 43. Ke5 Ke7 44. a3 Kd7 45. Kf5 Kd6 46. Kg6 Kxd5 47. Kxg7 c5 48. bxc6 bxc6 49. Kxh6 Ke6 50. g5 c5 51. g6 c4 52. g7 1-0

[Event "HUN-chT2 Szechenyi 0304"]
[Site "Hungary"]
[Date "2004.02.08"]
[Round "7"]
[White "Arany, Tamas"]
[Black "Buti, Endre"]
[Result "1-0"]
[WhiteElo "1867"]
[BlackElo "2082"]
[PlyCount "107"]
[EventDate "2003.09.28"]
[EventType "team"]
[EventRounds "11"]
[EventCountry "HUN"]
[SourceTitle "EXT 2009"]
[Source "ChessBase"]
[SourceDate "2008.11.26"]
[SourceVersion "1"]
[SourceVersionDate "2008.11.26"]
[SourceQuality "1"]
[WhiteTeam "Arboretum"]
[BlackTeam "Flesch"]
[WhiteTeamCountry "HUN"]
[BlackTeamCountry "HUN"]

1. e4 c5 2. Nc3 d6 3. g3 Nc6 4. Bg2 g6 5. d3 Bg7 6. f4 e6 7. Be3 Nd4 8. Nf3 Ne7 9. g4 Nec6 10. a3 Nxf3+ 11. Qxf3 Nd4 12. Qf2 Qb6 13. 0-0-0 Bd7 14. f5 Be5 15. Bg5 h6 16. Bh4 g5 17. Bg3 0-0-0 18. Bxe5 dxe5 19. h4 c4 20. Kb1 cxd3 21. Rxd3 Bb5 22. Nxb5 Qxb5 23. Rc3+ Kb8 24. Bf1 Qa5 25. Bc4 gxh4 26. Rxh4 b5 27. Bd3 Rc8 28. Rxc8+ Rxc8 29. Rxh6 Qa4 30. Qh2 Nc6 31. Qe2 Nd4 32. Qd2 a5 33. c3 Nb3 34. Qe2 b4 35. Bb5 Nd2+ 36. Qxd2 Qxb5 37. Qd6+ Ka8 38. axb4 Qf1+ 39. Ka2 Qc4+ 40. Ka3 axb4+ 41. Qxb4 Qf1 42. Ka2 Rb8 43. Qa4+ Kb7 44. Qd7+ Kb6 45. fxe6 Qc4+ 46. Kb1 Qf1+ 47. Kc2 Qe2+ 48. Qd2 Qxe4+ 49. Kc1 f6 50. Rxf6 Qh1+ 51. Qd1 Qc6 52. g5 Ka5 53. e7 Qe4 54. Qd8+ 1-0

[Event "HUN-chT2 Szechenyi 0304"]
[Site "Hungary"]
[Date "2003.12.07"]
[Round "5"]
[White "Buti, Endre"]
[Black "Kiraly, Ferenc"]
[Result "1/2-1/2"]
[WhiteElo "2082"]
[BlackElo "1995"]
[PlyCount "56"]
[EventDate "2003.09.28"]
[EventType "team"]
[EventRounds "11"]
[EventCountry "HUN"]
[SourceTitle "EXT 2009"]
[Source "ChessBase"]
[SourceDate "2008.11.26"]
[SourceVersion "1"]
[SourceVersionDate "2008.11.26"]
[SourceQuality "1"]
[WhiteTeam "Flesch"]
[BlackTeam "Szentgotthard"]
[WhiteTeamCountry "HUN"]
[BlackTeamCountry "HUN"]

1. Nf3 Nf6 2. d4 d5 3. c4 c6 4. cxd5 cxd5 5. Nc3 e6 6. e3 Bd6 7. Bd3 0-0 8. 0-0 a6 9. e4 dxe4 10. Nxe4 h6 11. Qe2 Nd5 12. Nxd6 Qxd6 13. Qe4 f5 14. Qh4 Nc6 15. Re1 Bd7 16. Ne5 Rf6 17. a3 Raf8 18. Bd2 Qe7 19. Nxc6 Bxc6 20. Bc4 Qd7 21. f3 g5 22. Qf2 Kg7 23. Re5 Re8 24. Rae1 Kf7 25. Bb3 Rc8 26. Kh1 Rg8 27. Qe2 Rc8 28. Qf2 Rg8 1/2-1/2

[Event "HUN-chT2 Szechenyi 0203"]
[Site "Hungary"]
[Date "2003.04.06"]
[Round "10"]
[White "Buti, Endre"]
[Black "Hegedus, Gyula"]
[Result "0-1"]
[WhiteElo "2129"]
[BlackElo "2096"]
[PlyCount "58"]
[EventDate "2002.09.22"]
[EventType "team"]
[EventRounds "11"]
[EventCountry "HUN"]
[SourceTitle "EXT 2009"]
[Source "ChessBase"]
[SourceDate "2008.11.26"]
[SourceVersion "1"]
[SourceVersionDate "2008.11.26"]
[SourceQuality "1"]

1. e4 c5 2. d4 cxd4 3. c3 Nf6 4. Bc4 d3 5. Qxd3 d6 6. f4 Qc7 7. Nf3 Nbd7 8. b4 e6 9. 0-0 Nb6 10. Bb3 d5 11. e5 Ne4 12. Nd4 Bd7 13. a4 Rc8 14. Bb2 Nc4 15. Bxc4 Qxc4 16. Qxc4 Rxc4 17. Na3 Rc8 18. Nb1 Rg8 19. Nf3 a5 20. b5 h6 21. Rc1 g5 22. fxg5 hxg5 23. Nbd2 Nc5 24. c4 g4 25. Nd4 Bh6 26. Rc2 Nd3 27. Bc1 Be3+ 28. Kf1 Bxd4 29. Rb1 Nb4 0-1

[Event "HUN-chT2 Szechenyi 0203"]
[Site "Hungary"]
[Date "2003.03.23"]
[Round "9"]
[White "Marton, Jozsef"]
[Black "Buti, Endre"]
[Result "1-0"]
[WhiteElo "2193"]
[BlackElo "2129"]
[PlyCount "63"]
[EventDate "2002.09.22"]
[EventType "team"]
[EventRounds "11"]
[EventCountry "HUN"]
[SourceTitle "EXT 2009"]
[Source "ChessBase"]
[SourceDate "2008.11.26"]
[SourceVersion "1"]
[SourceVersionDate "2008.11.26"]
[SourceQuality "1"]

1. e4 e5 2. Nf3 Nf6 3. Nxe5 d6 4. Nf3 Nxe4 5. Qe2 Qe7 6. d3 Nf6 7. Bg5 Nc6 8. Nc3 Qxe2+ 9. Bxe2 Be6 10. 0-0-0 0-0-0 11. d4 d5 12. Ne5 h6 13. Bxf6 gxf6 14. Nxc6 bxc6 15. Na4 Rg8 16. g3 Bd6 17. Rhe1 Kd7 18. Nc5+ Bxc5 19. dxc5 Bg4 20. Rd4 h5 21. h4 Bxe2 22. Rxe2 Rde8 23. Rxe8 Rxe8 24. Kd2 f5 25. Rf4 Ke6 26. Ra4 Rb8 27. Rxa7 Rxb2 28. Rxc7 Rxa2 29. Rxc6+ Ke5 30. Rh6 Ra5 31. Kd3 Rxc5 32. f4# 1-0

[Event "HUN-chT2 Szechenyi 0203"]
[Site "Hungary"]
[Date "2003.01.19"]
[Round "5"]
[White "Horvath, Imre2222"]
[Black "Buti, Endre"]
[Result "1-0"]
[WhiteElo "2035"]
[BlackElo "2129"]
[PlyCount "69"]
[EventDate "2002.09.22"]
[EventType "team"]
[EventRounds "11"]
[EventCountry "HUN"]
[SourceTitle "EXT 2009"]
[Source "ChessBase"]
[SourceDate "2008.11.26"]
[SourceVersion "1"]
[SourceVersionDate "2008.11.26"]
[SourceQuality "1"]

1. d4 d5 2. Nf3 Nf6 3. c4 c6 4. e3 Bg4 5. Be2 e6 6. h3 Bxf3 7. gxf3 Nbd7 8. Nc3 Be7 9. e4 dxc4 10. Bxc4 Nb6 11. Bb3 Qc7 12. Be3 Rd8 13. Qc2 0-0 14. 0-0-0 Rd7 15. f4 Rc8 16. e5 Nfd5 17. f5 Bb4 18. fxe6 fxe6 19. Rhg1 Bxc3 20. bxc3 Kh8 21. Rg3 c5 22. dxc5 Nxe3 23. Rxd7 Nxd7 24. Rxe3 Nxc5 25. f4 Rf8 26. Qf2 Qc6 27. Bc2 g6 28. h4 Na4 29. Qg3 Qb5 30. Rd3 Nc5 31. Rd4 Qf1+ 32. Kd2 Qh1 33. Qg5 Kg7 34. Qe7+ Rf7 35. Qxc5 1-0

[Event "HUN-chT3 0102"]
[Site "Hungary"]
[Date "2002.02.10"]
[Round "7.3"]
[White "Gaber, Jozsef"]
[Black "Buti, Endre"]
[Result "1-0"]
[WhiteElo "2163"]
[BlackElo "2129"]
[PlyCount "145"]
[EventDate "2001.09.30"]
[EventType "team"]
[EventRounds "11"]
[EventCountry "HUN"]
[SourceTitle "EXT 2004"]
[Source "ChessBase"]
[SourceDate "2003.11.25"]
[SourceVersion "1"]
[SourceVersionDate "2003.11.25"]
[SourceQuality "1"]

1. e4 c5 2. Nf3 d6 3. d4 cxd4 4. Nxd4 Nf6 5. Nc3 a6 6. Bg5 e6 7. f4 Be7 8. Qf3 Qc7 9. 0-0-0 Nc6 10. Nxc6 Qxc6 11. Be2 Rb8 12. Rhe1 h6 13. Bh4 Bd7 14. Bd3 b5 15. Re2 b4 16. Nd5 e5 17. Nxe7 Kxe7 18. fxe5 dxe5 19. Qg3 g5 20. Qxe5+ Be6 21. Bf2 Nd7 22. Qg3 b3 23. axb3 Rxb3 24. h4 Rhb8 25. hxg5 Rxb2 26. Bd4 Rb1+ 27. Kd2 Rxd1+ 28. Kxd1 Rb1+ 29. Kd2 Qa4 30. Bc3 Qa3 31. Re1 Rxe1 32. Qxe1 hxg5 33. Qe3 f6 34. Qa7 Qc5 35. Qxc5+ Nxc5 36. Bb4 Kd6 37. Bxa6 Kc6 38. Bxc5 Kxc5 39. Ke3 Bd7 40. g3 Ba4 41. c3 Bd7 42. Be2 Be6 43. Bh5 Bd7 44. Bf7 Bg4 45. Bg6 Bd7 46. Bf5 Be8 47. Be6 Bg6 48. g4 Be8 49. e5 fxe5 50. Ke4 Kd6 51. Kf5 Ba4 52. Bc4 Bc2+ 53. Kxg5 Kc5 54. Be2 Kd5 55. Kf6 e4 56. g5 Bd3 57. g6 Bxe2 58. g7 Kc4 59. Ke5 Kxc3 60. g8Q Bd3 61. Kf4 Kd2 62. Qg2+ Kc3 63. Ke3 Kc4 64. Qb2 Kd5 65. Qd4+ Ke6 66. Qc5 Kf6 67. Kf4 Ke6 68. Qc6+ Kf7 69. Ke5 Kg7 70. Qd7+ Kg6 71. Qf5+ Kg7 72. Qf6+ Kg8 73. Qe7 1-0